Statistics for Five Countries in Their Native Language by Continent

Click here to take the quiz!

General Stats

  • This quiz has been taken 4,827 times
  • The average score is 27 of 30

Answer Stats

ContinentNativeCountry% Correct
AfricaCamerounCameroon
99%
AfricaMadagasikaraMadagascar
99%
EuropePolskaPoland
99%
South AmericaBrasilBrazil
98%
North AmericaCosta RicaCosta Rica
98%
North AmericaRepública DominicanaDominican Rep.
98%
North AmericaHaitiHaiti
98%
North AmericaMéxicoMexico
98%
AfricaMoçambiqueMozambique
98%
AsiaAzərbaycanAzerbaijan
97%
South AmericaColombiaColombia
97%
South AmericaEcuadorEcuador
97%
OceaniaPapua NiuginiPapua New Guinea
97%
South AmericaParaguayParaguay
97%
South AmericaPerúPeru
97%
North AmericaSaint LuciaSaint Lucia
97%
EuropeÖsterreichAustria
92%
AsiaҚазақстанKazakhstan
92%
OceaniaNaoeroNauru
92%
OceaniaVitiFiji
89%
AfricaمصرEgypt
85%
OceaniaBelauPalau
85%
EuropeУкраїнаUkraine
85%
EuropeMagyarországHungary
81%
AsiaभारतIndia
78%
OceaniaAotearoaNew Zealand
75%
AsiaיִשְׂרָאֵלIsrael
67%
AfricaኢትዮጵያEthiopia
63%
EuropeShqipëriAlbania
62%
AsiaΚύπροςCyprus
58%

Score Distribution

Percentile by Number Answered

Percent of People with Each Score

Your Score History

You have not taken this quiz